000 00386pab a2200157 454500
008 180718b1985 xxu||||| |||| 00| 0 eng d
100 _aJeelani, G.M.
245 _aSocial forestry vs. individual crops
_bA study
260 _c1985
300 _a35-7
362 _aFeb.
650 _aForests - India - Andhra Pradesh
700 _aA.G. Prasad
773 _aKurukshetra
909 _a8894
999 _c8894
_d8894